000 00573nam a2200193Ia 4500
003 OSt
005 20251023162650.0
008 220917b |||||||| |||| 00| 0 eng d
037 _cTB
040 _aARTS
_cARTS
_beng
041 _2eng
_aeng
084 _aU.671 K4
_qAL
100 _aABD AL LATIF AL BAGHDADI
_993999
245 0 _aEastern key tr from the Arabic title Kitab Al ifadah wal Tibar
260 _c1964.
650 _aGEOGRAPHY
_9849397
942 _hU.671 K4
_cTB
_2CC
_n0
999 _c212388
_d212388